|
|
|
|
| LEADER |
00000nam0a2200000 4500 |
| 001 |
256491 |
| 005 |
20231101233123.0 |
| 020 |
|
|
|a RU
|b 87-91104
|
| 035 |
|
|
|a (RuTPU)RU\TPU\book\279188
|
| 090 |
|
|
|a 256491
|
| 100 |
|
|
|a 20140409d1987 k a0rusy5003 ca
|
| 101 |
0 |
|
|a rus
|
| 102 |
|
|
|a RU
|
| 105 |
|
|
|a a z 001zy
|
| 200 |
1 |
|
|a Радиационная акустика
|e сборник статей
|f Академия наук СССР (АН СССР), Акустический институт им. Н. Н. Андреева (АКИН) ; под ред. Л. М. Лямшева
|
| 210 |
|
|
|a Москва
|c Наука
|d 1987
|
| 215 |
|
|
|a 135 с.
|c ил.
|
| 320 |
|
|
|a Библиогр. в конце ст.
|
| 606 |
1 |
|
|a Радиационная акустика
|2 stltpush
|3 (RuTPU)RU\TPU\subj\22296
|9 47095
|
| 610 |
1 |
|
|a звук
|
| 610 |
1 |
|
|a генерация
|
| 610 |
1 |
|
|a конденсированные среды
|
| 610 |
1 |
|
|a акустические импульсы
|
| 610 |
1 |
|
|a акустические шумы
|
| 675 |
|
|
|a 534.1
|z rus
|
| 702 |
|
1 |
|a Лямшев
|b Л. М.
|g Леонид Михайлович
|4 340
|
| 712 |
0 |
2 |
|a Академия наук СССР (АН СССР)
|b Акустический институт им. Н. Н. Андреева (АКИН)
|c (Москва)
|2 stltpush
|3 (RuTPU)RU\TPU\col\5702
|
| 801 |
|
0 |
|a RU
|b RuMRKP
|c 19960705
|g psbo
|
| 801 |
|
1 |
|a RU
|b 63413507
|c 20140409
|
| 801 |
|
2 |
|a RU
|b 63413507
|c 20141125
|g RCR
|
| 942 |
|
|
|c BK
|